Countries Challenge Part 3 - Statistics

General Stats
  • This quiz has been taken 24 times
  • The average score is 10 of 15
Answer Stats
Picture Answer % Correct
Iran
100%
China
90%
Sweden
90%
Poland
85%
Austria
80%
Ukraine
80%
Mongolia
55%
Thailand
55%
Cameroon
50%
Senegal
50%
Azerbaijan
45%
Benin
45%
Mali
45%
Taiwan
45%
Guinea
40%
No matching quizzes found
Score Distribution
Percent of People with Each Score
Percentile by Number Answered
Your Score History
You have not taken this quiz